LIBRARY & INFORMATION CENTRE, KCAET, TAVANUR

ONLINE PUBLIC ACCESS CATALOGUE (OPAC)

Probability And Random Processes (Record no. 14532)

MARC details
000 -LEADER
fixed length control field 00285nam a22001217a 4500
020 ## - INTERNATIONAL STANDARD BOOK NUMBER
ISBN 9788126545070
082 ## - DEWEY DECIMAL CLASSIFICATION NUMBER
Classification number 519.2
Item number KRI/PR
100 ## - MAIN ENTRY--AUTHOR NAME
Personal name Krishnan, Venkatarama
245 ## - TITLE STATEMENT
Title Probability And Random Processes
260 ## - PUBLICATION, DISTRIBUTION, ETC. (IMPRINT)
Place of publication New Delhi
Name of publisher Wiley
Year of publication 2014
300 ## - PHYSICAL DESCRIPTION
Number of Pages 723
942 ## - ADDED ENTRY ELEMENTS (KOHA)
Koha item type Books
Holdings
Withdrawn status Lost status Damaged status Collection code Home library Current library Shelving location Date acquired Source of acquisition Cost, normal purchase price Full call number Accession Number Koha item type
        KAUAET KAUAET General Stacks 14/07/2016 Ganesh Book Centre Trivandrum 3995.00 519.2 KRI/PR 24603 Books
free website counter